000 00447nam a22001695i 4500
001 48284
003 ES-MaACL
005 20230906161726.0
007 t|
008 950711s1805 fr ||||1| fre d
040 _aCAM
_bspa
_cCAM
100 1 _aChompré, Pierre.
_938606
245 1 0 _aDictionnaire abrégé de la fable /
_cpar Chompré.
260 _aAvignon :
_bE. Chambeau,
_c1805.
300 _a448 p. ;
_c14 cm.
852 _aES-MaACL
_jD-519
999 _c48284
_d48284